000 00435nam a22001697a 4500
003 OSt
005 20211209143742.0
008 211209b |||||||| |||| 00| 0 eng d
020 _a0-7216-6152-1
040 _addc
_cHU
082 _29TH
_a616.3
_b1
100 _aWILSON JEAN D.
_922404
245 _aWILLIAMS TEXTBOOK OF ENDOCRINOLOGY
250 _a9TH
260 _aPHILADELPHIA
_bW. B. SAUNDERS COMPANY
_c1998
942 _2ddc
_cBOOKS
_n0
999 _c22079
_d22079